000 00661nam a22002057a 4500
005 20161006150352.0
010 _aENG-115947
020 _a9789350356692
_c1350.00
035 _aEN-99479
037 _bDBAD/PUB
082 _a346.540438
100 _aMulla, Dinshaw Fardunji
245 _a Mulla the registration act /
_cby Dinshaw Fardunji Mulla
250 _a13th ed by K.Kannan
260 _aGurgaon
_bLexisNexis
_c2016
270 _a14th Floor, Building No.10, Tower-B, DLF Cyber City, Phase-II
_bGurgaon (Haryana)
_e122002
300 _aciv,918p.
_c24cm(Hb)
500 _aIncludes index
942 _2ddc
_cEN
_mMUL
_h346.540438
999 _c103051
_d103051